000 00768cab a2200241 4500
001 WB2738-42
008 090401t1991 xxu||||| |||| 00| 0 eng d
035 _a(Sirsi) u1739
041 _aeng
245 _aDutch land prices set to rise
260 _c1991
350 _a0
490 _aCS Monthly : Rural Practice
_v(2) October 1991, 2(1)
520 _aThe value of cultivated land in the Netherlands is forecast to rise between 10% and 30% in the next ten years according to research conducted by LEI, the Dutch Institute for Agricultural Economic Research.
650 _aAGRICULTURE
650 _aFORECAST
650 _aLAND PRICES
650 _aNETHERLANDS
690 _aOVERSEAS-EUROPE
690 _aRURAL PRACTICE
942 _n0
948 _c04/03/1997
999 _c998
_d998